00973nam a2200241 a 450000100060000000300080000600500170001400800410003103500190007204000320009104100080012308200280013124500960015926000690025530000270032450400390035165000710039070000380046170000490049994200120054899900170056095201540057733235BD-RjUL20211209051954.0140430s1985 ii b 101 0 eng  a(BD-RjUL)33326 aDLCcDLCdDLCdBD-RjULbeng aeng00a300.72054219bRES 198500aResearch methodology in social science in India /ceditors, L.P. Vidyarthi and A.K. Haldar. aNew Delhi :bToday & Tomorrowʼs Printers and Publishers,c1985. axiii, 246 p. ;c23 cm. aIncludes bibliographies and index. 0aSocial sciencesxResearchzIndiaxMethodologyxCongresses.91009221 aVidyarthi, Lalita Prasad.91009231 aHaldar, A. K.q(Asesh Kumar),d1943-9100924 2ddccBK c33235d33235 00102ddc40718NFICaRUCLbRUCLcReadingd1986-06-28eKarim International.g135.00l0o300.72054 RES 1985r2014-04-30 00:00:00tC-1w2014-04-30yBK